[Event "Barcelona Espluguenc Rapid"]
[Site "Barcelona"]
[Date "2022.09.11"]
[Round "5"]
[White "Jimenez Ramos, Joel"]
[Black "Valarezo Ricard, Pedro"]
[Result "0-1"]
[WhiteElo "1467"]
[BlackElo "1758"]
[PlyCount "85"]
[EventDate "2022.09.11"]
[EventType "swiss (rapid)"]
[EventRounds "7"]
[EventCountry "ESP"]
[SourceTitle "EXT 2023"]
[Source "ChessBase"]
[SourceDate "2022.10.05"]
[SourceVersion "1"]
[SourceVersionDate "2022.10.05"]
[SourceQuality "1"]

1. e4 d5 2. exd5 Qxd5 3. Nc3 Qd6 4. Nf3 Nf6 5. Bc4 c6 6. 0-0 Bf5 7. Ng5 e6 8. d4 h6 9. Nf3 Be7 10. g3 0-0 11. Bf4 Qb4 12. Bxb8 Qxc4 13. Be5 Bg4 14. Bxf6 Bxf6 15. Rc1 Rad8 16. Ne4 Bxd4 17. c3 Bxf2+ 18. Nxf2 Rxd1 19. Rfxd1 Bxf3 20. Rd3 Qa6 21. Rxf3 Qxa2 22. Rd1 Qxb2 23. Rfd3 Qc2 24. h4 a5 25. g4 a4 26. Rd8 Qxc3 27. Rxf8+ Kxf8 28. Ne4 Qf3 29. Rd8+ Ke7 30. Rd4 Qxg4+ 31. Kf1 Qxh4 32. Rxa4 Qf4+ 33. Ke2 Qe5 34. Ke3 f5 35. Kf3 fxe4+ 36. Rxe4 Qf5+ 37. Rf4 Qxf4+ 38. Kxf4 b5 39. Ke3 h5 40. Kd3 h4 41. Kc3 h3 42. Kb4 h2 43. Ka5 0-1